000 00345nam a2200121Ia 4500
008 211105s9999 xx 000 0 und d
020 _aVYASA03011
100 _aDepartment Philosophic Sopico-Literary Research
245 0 _aDiscriptive Catalogue Of Yoga Manuscripts
250 _a\N
260 _bKaivalyadhama S.M.Y.M.Samiti
_c\N
300 _a565p.
999 _c9547
_d9547